000 01419cam a22003857a 4500
001 14582535
003 OSt
005 20150804100418.0
008 061004s2007 nyua 001 0 eng d
010 _a 2006935881
015 _aGBA698206
_2bnb
016 7 _a013607468
_2Uk
020 _a9780387489919 (hbk.)
020 _a0387489916 (hbk.)
035 _a(OCoLC)ocm76798057
040 _aSEKU
042 _alccopycat
050 0 0 _aRC 280 .P38
_bP4 2007
245 0 0 _aPeritoneal carcinomatosis :
_ba multidisciplinary approach
_cedited by Wim P. Ceelen.
260 _aNew York, NY :
_bSpringer,
_cc2007.
300 _axxxi, 533 p. :
_bill. (some col.) ;
_c25 cm.
440 0 _aCancer treatment and research ;
_vv. 134
504 _aIncludes bibliographical references and index.
650 0 _aPeritoneum
_xCancer.
650 0 _aPeritoneum
_xCancer
_xTreatment.
650 2 _aPeritoneal Neoplasms
_xphysiopathology.
650 2 _aPeritoneal Neoplasms
_xdrug therapy.
650 2 _aPeritoneal Neoplasms
_xsurgery.
700 1 _aCeelen, W. P.
856 4 2 _3Publisher description
_uhttp://www.loc.gov/catdir/enhancements/fy0824/2006935881-d.html
856 4 1 _3Table of contents only
_uhttp://www.loc.gov/catdir/enhancements/fy0824/2006935881-t.html
942 _2lcc
_cGEN
999 _c8156
_d8156